| 000 | 00451nam a2200157Ia 4500 | ||
|---|---|---|---|
| 008 | 210716s2017 xx 000 0 und d | ||
| 020 | _a9789386446732 | ||
| 041 | _aeng | ||
| 082 | _a374.22 DUTP | ||
| 100 | _aDutta, Prashun. | ||
| 245 |
_aSystems thinking for effective managers: the road less travelled. _bRoad less travelled. |
||
| 250 | _a1 | ||
| 260 |
_aNew Delhi _bSage Publications _c2017 |
||
| 300 | _axx,193 | ||
| 650 | _aGeneral Management | ||
| 999 |
_c211414 _d211414 |
||